000 00976na a2200277 4500
001 23628
003 MIRAKIL
005 20181213155322.0
008 180109b tu 000 0
020 _a9753637764
040 _aMilas
_btur
_cTR-AnCHP
041 _atur
082 _a320
_bB65g 1997
090 _a320 B65g 1997
100 _aBonıface, Pascal
245 _aGüçsüzlük isteği
_bUluslararası ve stratejik tutkuların sonu mu?
_cPascal Boniface; çeviren Alp Tümertekin
246 _aUluslararası ve stratejik tutkuların sonu mu?
260 _aİstanbul
_bYapı Kredi Yayınları
_c1997
_fŞefik Matbaası
300 _a186 s.
_c21 sm.
440 _aCogito
_v65
500 _aÖzgün yapıt adı : La volonte D'İmpuissance La fin des ambitions internationales et strategiques?
650 _aDünya politikaları
_xDenemeler
700 _aTümertekin, Alp
_eçev.
740 _aUluslararası ve stratejik tutkuların sonu mu?
942 _2dcc
_cBKS
999 _c10447
_d10447